| 000 | 00994cam a2200253 a 4500 | ||
|---|---|---|---|
| 001 | 3562374 | ||
| 005 | 20180314044247.0 | ||
| 008 | 980819s1998 ilua b 001 0 eng c | ||
| 010 | _a 98042196 | ||
| 020 | _a0880911670 | ||
| 040 |
_aDNLM/DLC _cDLC _dDLC |
||
| 041 | _aeng | ||
| 060 | 1 | 0 |
_aWT 115 _bN976 1998 |
| 080 | _a362.176.0846 niedert | ||
| 082 | 0 | 0 |
_a362.176.0846 niedert _221 |
| 100 | _a10 | ||
| 101 | _anut | ||
| 245 | 0 | 0 |
_aNutrition care of the older adult : _cKathleen C. Niedert, editor ; Becky Dorner ... [et al.] associate editors. |
| 504 | _aIncludes bibliographical references and index. | ||
| 906 |
_a7 _bcbc _corignew _d1 _eocip _f19 _gy-gencatlg |
||
| 942 |
_2ddc _cBK |
||
| 999 |
_c44946 _d44946 |
||